000 00355nam a22001337a 4500
003 OSt
008 150406b xxu||||| |||| 00| 0 eng d
100 1 _aUnited States Post Office Department
041 _aeng
245 1 0 _aReport of the Postmaster General 1855,1856
246 1 0 _aA Reprint by Theron Wierenga
260 _bTheron Wierenga
300 _a0 pages
999 _c1159
_d1159